Trzecie największe miasta w województwach - Statystyki

Ogólne statystyki
  • Ten quiz został rozwiązany 224 razy
  • Średni wynik to 11 z 16
Statystyki odpowiedzi
Województwo Liczba ludności Miasto % Poprawnych
dolnośląskie 99 486 Legnica
89%
kujawsko-pomorskie 110 287 Włocławek
83%
mazowieckie 119 709 Płock
80%
ślaskie 204 013 Sosnowiec
78%
małopolskie 84 041 Nowy Sącz
75%
lubelskie 62 331 Chełm
73%
pomorskie 90 769 Słupsk
69%
wielkopolskie 73 742 Konin
68%
warmińsko-mazurskie 61 523 Ełk
67%
podlaskie 63 092 Łomża
66%
opolskie 44 243 Nysa
60%
łódzkie 64 988 Pabianice
57%
lubuskie 39 098 Nowa Sól
55%
podkarpackie 60 799 Stalowa Wola
55%
zachodniopomorskie 68 195 Stargard
55%
świętokrzyskie 49 513 Starachowice
45%
Nie znaleziono quizów pasujących do podanych kryteriów
Rozkład punktacji
Procent ludzi z każdym wynikiem
Percentyl według liczby udzielonych odpowiedzi
Twoja historia wyników
Nie rozwiązałeś tego quizu